000 00392nam a2200145Ia 4500
008 211109s9999||||xx |||||||||||||| ||und||
082 _a824
_bADD-E
100 _aAddison, Joseph
245 0 _aEssays Of. Ed By John Robert
260 _bNATIONAL BOOKSTALL
_aKottayam
_c1950
300 _a377p.
630 _xGeneral Stack
650 _aEnglish Litertaure
_vEnglish Essays
_xEnglish
942 _cBOOK
999 _c408
_d408